000 00454nam a2200193Ia 4500
008 210210b2012 xxu||||| |||| 00| 0 eng d
020 _a9788120335271
041 _aeng
082 _a658 GUPP
100 _aGUPTA (Meenakshi)
245 _aPrinciples of management
260 _aND
_bPHI Learning Pvt. Ltd.
_c2012
300 _axi,271
650 _aPrinciples
650 _aof
650 _amanagement
690 _aManagement
906 _a067592
999 _c150634
_d150634